Animal Alphabet Picture 24 - Statistics

General Stats
  • This quiz has been taken 15 times
  • The average score is 17 of 26
Answer Stats
Picture Hint Answer % Correct
C Cat
100%
D Dragon
100%
E Eagle
100%
F Flamingo
100%
J Jaguar
93%
B Buffalo
86%
G Gazelle
86%
L Llama
86%
M Mouse
86%
O Ostrich
86%
P Penguin
86%
W Worm
86%
A Armadillo
79%
H Hedgehog
79%
S Seal
79%
T Toucan
79%
V Vulture
71%
N Narwhal
57%
Y Yellow Jacket
50%
R Roadrunner
36%
Z Zebra Butterfly
29%
I Indri
21%
K Kinkajou
7%
Q Quagga
7%
U Uaru
7%
X Xylocopa
7%
No matching quizzes found
Score Distribution
Percent of People with Each Score
Percentile by Number Answered
Your Score History
You have not taken this quiz